| 000 | 01227nam a2200301 i 4500 | ||
|---|---|---|---|
| 001 | bg | ||
| 245 | 0 | 0 |
_aPrace naukowe Instytutu Technologii Maszyn i Automatyzacji Politechniki Wrocławskiej : _bposiedzenie Sekcji we Wrocławiu 21-22.X. / _cpod red. Bogusława Dembińskiego ; Polska Akademia Nauk. Komitet Budowy Maszyn. Sekcja Podstaw Technologii, Politechnika Wrocławska. Instytut Technologii Maszyn i Automatyzacji _n004 r.Z. _n73. |
| 260 |
_aWrocław : _bOficyna Wydawnicza PW, _c2004. |
||
| 300 |
_a114 s. : _bil. ; _c24 cm. |
||
| 500 | _aStreszcz. ang. przy pracach. | ||
| 504 | _aBibliogr. przy pracach. | ||
| 650 | 9 |
_aTechnologia _xzagadnienia |
|
| 650 | 9 |
_aOdlewnictwo _xtechnologia |
|
| 650 | 9 | _aSkrawanie | |
| 650 | 9 | _aObrabiarki skrawające | |
| 650 | 9 |
_aBlacha _xmechanika _xbadanie |
|
| 650 | 9 |
_aProdukcja _xautomatyzacja |
|
| 700 | 1 |
_aDEMBIŃSKI, Bogusław. _eRed. |
|
| 710 | 0 |
_aPolska Akademia Nauk _bKomitet Budowy Maszyn |
|
| 710 | 0 |
_aPolitechnika Wrocławska _bInstytut Technologii Maszyn i Automatyzacji |
|
| 020 | _a837085821X | ||
| 040 | _cBPK | ||
| 041 | 0 |
_apol _beng |
|
| 080 | _a621.7+621.9:658.5 | ||
| 920 | _a83-7085-821-X | ||
| 942 | _cKS | ||
| 008 | s pl f |000 0 pol | ||
| 999 |
_c46686 _d46686 |
||
| 856 |
_uhttp://koha.tu.koszalin.pl/cgi-bin/koha/opac-detail.pl?biblionumber=46686 _yKatalog online BPK |
||